Spell the Marvel Character #69 - Statistics

General Stats
  • This quiz has been taken 36 times
  • The average score is 3 of 5
Answer Stats
Picture Answer % Correct
Ant-Man
100%
Rocket Raccoon
88%
Dazzler
62%
Drax
62%
Xavin
12%
No matching quizzes found
Score Distribution
Percent of People with Each Score
Percentile by Number Answered
Your Score History
You have not taken this quiz